1575 1764 1224 1790 1305 1921 1643 1244 1779 1979 1829 1815 1558 1823 1684 1310 1406 1977 1225 1569 1832 1090 1517 1524 1930 1055 1092 1928 1563 1157 1220 1506 1542 1256 1249 1297 1315 1555 1723 1127 1582 1410 1054 1325 1088 1864 1951 1936 1853 1260 1017 1182 1946 1165 1818 1320 1476 1074 1067 1147 1882 1466 1380 1324 1594 1334 1142 1945 1254 1756 1403 1471 1805 1409 1944 1029 1566 1657 1898 1179 1566 1103 1030 1796 1159 1356 1626 1441 1372 1304 1405 1141 1830 1919 1780 1220 1612 1053 1372 BCNSPRNW ULIB Ver.6.0+V

เปลี่ยนเป็นภาษาไทย

Change to English
 แสดงรายละเอียดบรรณานุกรม
  กลับหน้าหลัก

Brief Record : Get Marc (ISO 2709) : E-mail record : QR code < ปิดหน้าต่าง
LEADER : 00000nam 2200000uu 4500
001    13399125831
003     ULIB
008    020711s2017 th a 000 0 eng d
020    ^a9780071792257
060    ^aWS17^bP-W
100    ^aProse, Neil s.
245    ^aWeinberg's Color atlas of Pediatric Dermatology/^cProse, Neil s.
250    ^a5th ed
260    ^aNew York :^bMcGraw-hill,^c2017
300    ^a363 pages;^c30 cm
650    ^aSkin Diseases ^yInfant^zAtlases
650  0 ^aChild
945    ^p4666^l0^i003208
999    ^aประนอม เกษจรัล
รายการนี้ยังไม่มีแท็ก
คุณยังไม่ได้ล็อกอิน คุณสามารถมีกิจกรรมร่วมกับเว็บไซต์ได้ แต่ต้องล็อกอินก่อน ::
  ล็อกอิน

รายการสื่อสารสนเทศ

ลำดับที่ ประเภท เลขเรียก/บาร์โค้ด สถานที่ สถานะ
1. วิทยาศาสตร์การแพทย์ และสุขภาพ
หนังสือสำรอง
สถานะ=หนังสือสำรอง
WS17 P-W ฉ.1 
  Barcode: 003208
ห้องสมุดวิทยาเขตสวรรค์ประชารักษ์
►หนังสือทั่วไป
บนชั้น

รายการใกล้เคียง
    หัวเรื่อง [Child]

BibComment


ยังไม่เคยถูกคอมเมนท์

คอมเมนท์ทรัพยากรรายการนี้
  คอมเมนท์: Weinbergs Color ..


 Copyright 2026. Bcnsprnw @Library